000 00523nam a22001697a 4500
999 _c40737
_d40737
003 OSt
005 20200606120139.0
008 191031b ||||| |||| 00| 0 eng d
020 _a9788187988441
040 _cMESKC library
082 _a303.484092
_bHAR/M
100 1 _aHarsha, Haradāna
_950
245 _aMahatama Jyotirao Phooley:
_bVyakti Aur Vichar /
_cHardan Harsh
260 _aJaipur :
_bJyothi Prakashan,
_c2012
300 _a165p
942 _2ddc
_cBK
_h303.484092
_iHAR/M
_k303.484092
_mHAR/M